Pipo o El príncipe de Monte-Cresta (Record no. 161000)

MARC details
000 -LEADER
campo de control de longitud fija 00822nam a22001815i 4500
001 - NÚMERO DE CONTROL
campo de control 161000
003 - IDENTIFICADOR DE NÚMERO DE CONTROL
campo de control ES-MaACL
005 - FECHA Y HORA DE LA ÚLTIMA TRANSACCIÓN
campo de control 20250823063120.0
008 - DATOS DE LONGITUD FIJA--INFORMACIÓN GENERAL
campo de control de longitud fija 010831s1850 sp |||| | spa d
040 ## - FUENTE DE CATALOGACIÓN
Centro catalogador/agencia de origen AR
Lengua de catalogación spa
Centro/agencia transcriptor AR
100 1# - ENTRADA PRINCIPAL--NOMBRE DE PERSONA
Nombre de persona Olona, Luis,
Fechas asociadas al nombre 1823-1863
9 (RLIN) 130645
245 10 - MENCIÓN DEL TÍTULO
Título Pipo o El príncipe de Monte-Cresta
Resto del título : drama cómico en dos actos /
Mención de responsabilidad, etc. arreglado del francés por Luis Olona.
260 ## - PUBLICACIÓN, DISTRIBUCIÓN, ETC.
Lugar de publicación, distribución, etc. Madrid :
Nombre del editor, distribuidor, etc. [Círculo Literario comercial],
Fecha de publicación, distribución, etc. 1850 (
Fabricante Imp. de S. Omaña)
300 ## - DESCRIPCIÓN FÍSICA
Extensión 49 p. ;
Dimensiones 19 cm.
500 ## - NOTA GENERAL
Nota general En port.: Representada en el Teatro del Drama el 24 de diciembre de 1850.
852 ## - LOCALIZACIÓN
Ubicación ES-MaACL
Número de control de estantería F-8615(3)
Nota libre -- Enc. pasta española
condición física -- Falto de la cub. original
Nota libre Enc. en un vol. facticio formando parte de la col. facticia "Teatro español moderno", vol. 70
Holdings
Estatus retirado Estado de pérdida Estado de daño No para préstamo Colección Biblioteca de origen Biblioteca actual Ubicación en estantería Fecha de adquisición Total de préstamos Signatura topográfica completa Código de barras Visto por última vez Precio de reemplazo Tipo de ítem Koha
        Libros del s. XIX Biblioteca del Ateneo de Madrid Biblioteca del Ateneo de Madrid Sala Pecera Planta 2 17/01/2008   F-8615(3) 1168612 23/02/2023 23/02/2023 Libro impreso antiguo